[Event "4NCL/Div4/GLOSG vs. OXF2"]
[Site "Sunningdale ENG"]
[Date "2008.03.15"]
[Round "7.1"]
[White "Lambourne, Daniel M"]
[Black "Rawlinson, Aidan"]
[Result "0-1"]
[WhiteElo "2100"]
[BlackElo "2229"]
[PlyCount "80"]
[EventDate "2008.03.15"]
[EventType "team"]
[EventRounds "11"]
[EventCountry "ENG"]
[SourceDate "2007.09.15"]

1. c4 e6 2. d4 d5 3. e3 Nf6 4. Nc3 c6 5. Nf3 Nbd7 6. Bd3 dxc4 7. Bxc4 b5 8. Bd3
Bb7 9. O-O a6 10. Qc2 c5 11. Ng5 Rc8 12. Qe2 Bd6 13. f4 O-O 14. Nce4 Nxe4 15.
Bxe4 Bxe4 16. Nxe4 Be7 17. b3 cxd4 18. exd4 Nf6 19. Bb2 Qd5 20. Ng3 Bd6 21. Qd3
Rfe8 22. Ne2 Ne4 23. Rac1 Be7 24. Qe3 Bf6 25. Rxc8 {=} Rxc8 26. Rc1 Rd8 27. Kf1
g6 28. Rd1 Nd6 29. Rd3 Nf5 30. Qd2 h5 31. Nc3 Qb7 32. d5 exd5 33. Nxd5 Bxb2 34.
Ne7+ Qxe7 35. Rxd8+ Kh7 36. Rd7 Qe6 37. Rd3 Qe4 38. h3 Bd4 39. Qe2 Ne3+ 40. Kg1
Nxg2+ 0-1

[Event "4NCL/Div4/GLOSG vs. OXF2"]
[Site "Sunningdale ENG"]
[Date "2008.03.15"]
[Round "7.2"]
[White "Hackett, David G"]
[Black "Bolt, Graham"]
[Result "0-1"]
[WhiteElo "2157"]
[BlackElo "2109"]
[PlyCount "80"]
[EventDate "2008.03.15"]
[EventType "team"]
[EventRounds "11"]
[EventCountry "ENG"]
[SourceDate "2007.09.15"]

1. e4 c5 2. Nc3 Nc6 3. g3 g6 4. Bg2 Bg7 5. d3 d6 6. f4 Rb8 7. Nf3 Nf6 8. O-O
O-O 9. h3 b5 10. g4 b4 11. Ne2 c4 12. Ng3 cxd3 13. cxd3 Qb6+ 14. Kh2 Bxg4 15.
hxg4 Nxg4+ 16. Kh1 Nf2+ 17. Rxf2 Qxf2 18. Ne2 Rb5 19. Ng5 Nd4 20. Ng1 h6 21.
N5h3 Qg3 22. Bd2 Qxd3 23. Rc1 Rc5 24. Bxb4 Qxd1 25. Rxd1 Rc2 26. Bf1 Rb8 27. a3
Nc6 28. Bd3 Rxb2 29. Be1 Ra2 30. Bc4 Rxa3 31. Bf2 a5 32. Kg2 Rc3 33. Bd5 Nb4
34. Ne2 Nxd5 35. exd5 Rc2 36. Nd4 Bxd4 37. Rxd4 Rb4 38. Rd1 a4 39. Kf1 a3 40.
Bd4 a2 0-1

[Event "4NCL/Div4/GLOSG vs. OXF2"]
[Site "Sunningdale ENG"]
[Date "2008.03.15"]
[Round "7.3"]
[White "Taylor, Geoffrey P"]
[Black "Bruce, Dave"]
[Result "1-0"]
[WhiteElo "2028"]
[BlackElo "2114"]
[PlyCount "69"]
[EventDate "2008.03.15"]
[EventType "team"]
[EventRounds "11"]
[EventCountry "ENG"]
[SourceDate "2007.09.15"]

1. e4 e6 2. d4 d5 3. e5 c5 4. c3 Nc6 5. Nf3 Bd7 6. a3 f6 7. Bd3 fxe5 8. Nxe5
Nxe5 9. dxe5 g6 10. O-O Qc7 11. f4 c4 12. Bc2 Bc5+ 13. Kh1 O-O-O 14. b4 cxb3
15. Bxb3 Ne7 16. Bc2 Rhf8 17. Nd2 Bb5 18. Rf3 g5 19. Nb3 Bb6 20. a4 g4 21. Rg3
Be8 22. Nd4 Bxd4 23. cxd4 Nc6 24. Qd2 h5 25. Ba3 Rg8 26. f5 h4 27. Rc3 h3 28.
g3 Bf7 29. f6 Kb8 30. a5 a6 31. Bd3 Be8 32. Bc5 Qf7 33. Rb3 Ka8 34. Rab1 Rb8
35. Bd6 1-0

[Event "4NCL/Div4/GLOSG vs. OXF2"]
[Site "Sunningdale ENG"]
[Date "2008.03.15"]
[Round "7.4"]
[White "Burt, Will"]
[Black "Gilmour, Andrew J"]
[Result "1-0"]
[WhiteElo "2080"]
[BlackElo "2030"]
[PlyCount "71"]
[EventDate "2008.03.15"]
[EventType "team"]
[EventRounds "11"]
[EventCountry "ENG"]
[SourceDate "2007.09.15"]

1. e4 c5 2. Nf3 d6 3. d4 cxd4 4. Nxd4 Nf6 5. Nc3 g6 6. Be2 Bg7 7. Be3 Nc6 8.
Nb3 O-O 9. Qd2 a5 10. a4 Nb4 11. O-O-O Bd7 12. Bh6 Rc8 13. Bxg7 Kxg7 14. h4 h5
15. Kb1 Bc6 16. f3 Qc7 17. Nd4 d5 18. Nf5+ gxf5 19. Qg5+ Kh8 20. exf5 Bxa4 21.
Qh6+ Kg8 22. Bd3 Nxd3 23. Rxd3 Bc6 24. f4 Ng4 25. Rg3 Bb5 26. Rc1 Qxc3 27. bxc3
Be2 28. Qg5+ Kh7 29. Qxh5+ Kg7 30. Rxg4+ Bxg4 31. Qxg4+ Kh8 32. Re1 Rc6 33.
Qh5+ Kg7 34. Re3 Rh8 35. Rg3+ Rg6 36. Qxh8+ 1-0

[Event "4NCL/Div4/GLOSG vs. OXF2"]
[Site "Sunningdale ENG"]
[Date "2008.03.15"]
[Round "7.5"]
[White "Meade, Philip J"]
[Black "Ludbrook, Matt"]
[Result "0-1"]
[WhiteElo "2020"]
[BlackElo "2030"]
[PlyCount "150"]
[EventDate "2008.03.15"]
[EventType "team"]
[EventRounds "11"]
[EventCountry "ENG"]
[SourceDate "2007.09.15"]

1. e4 e6 2. d4 d5 3. Nd2 c5 4. exd5 exd5 5. Bb5+ Nc6 6. Ngf3 Qe7+ 7. Qe2 Qxe2+
8. Kxe2 Bg4 9. Re1 O-O-O 10. Bxc6 bxc6 11. Kf1 f6 12. dxc5 Bxc5 13. Nb3 Bd6 14.
Nfd4 Ne7 15. Bd2 Bd7 16. Kg1 Ng6 17. a3 c5 18. Ne6 Bxe6 19. Rxe6 Kd7 20. Re2
Rb8 21. Bc3 d4 22. Bd2 d3 23. Re3 c4 24. Na5 Bf4 25. Nxc4 Bxe3 26. Bxe3 dxc2
27. Rc1 Rb7 28. Rxc2 Ne5 29. Na5 Rc7 30. Rd2+ Ke6 31. Kf1 g5 32. Ke2 Ng4 33.
Bd4 Re8 34. Kf3 Kf5 35. Kg3 h5 36. b3 Re1 37. f3 h4+ 38. Kh3 Ne3 39. Rd3 Nc2
40. Bb2 Rb1 41. Bc3 Nxa3 42. Bb4 Ra1 43. Bxa3 Rxa3 44. Nc4 Ra2 45. Ne3+ Ke6 46.
Nc4 a5 47. Rd6+ Ke7 48. Rd4 Rc5 49. g3 hxg3 50. hxg3 Rb5 51. Rd3 Rb4 52. Rc3
Ke6 53. f4 gxf4 54. gxf4 a4 55. bxa4 Raxa4 56. Ne3 Rxf4 57. Kg3 Rfe4 58. Kf3
Ke5 59. Rc5+ Ke6 60. Rc6+ Kf7 61. Rc5 Kg6 62. Rc6 Kg5 63. Rc8 f5 64. Rg8+ Kf6
65. Rf8+ Kg6 66. Rg8+ Kf7 67. Rg5 Rf4+ 68. Kg3 Ke6 69. Rg8 Rfb4 70. Kf3 f4 71.
Nc2 Rb3+ 72. Ke2 Ra2 73. Kd1 Rb1+ 74. Kd2 Rbb2 75. Rc8 f3 0-1

[Event "4NCL/Div4/GLOSG vs. OXF2"]
[Site "Sunningdale ENG"]
[Date "2008.03.15"]
[Round "7.6"]
[White "Hadi, Justin"]
[Black "Baker, Patrick"]
[Result "0-1"]
[WhiteElo "1985"]
[BlackElo "1795"]
[PlyCount "78"]
[EventDate "2008.03.15"]
[EventType "team"]
[EventRounds "11"]
[EventCountry "ENG"]
[SourceDate "2007.09.15"]

1. e4 e6 2. d4 d5 3. e5 c5 4. c3 Nc6 5. Nf3 Nge7 6. Na3 cxd4 7. cxd4 Qb6 8. Nc2
Ng6 9. h4 h5 10. Bd3 Be7 11. Bxg6 fxg6 12. Qd3 Kf7 13. Rh3 Rf8 14. Rg3 Ke8 15.
Qxg6+ Kd8 16. Qxg7 Kc7 17. Bg5 Re8 18. Qg6 Bd7 19. b3 Rh8 20. Qd3 Rac8 21. Bxe7
Nxe7 22. a4 Kb8 23. Rg7 Qd8 24. b4 Nf5 25. Rf7 Nh6 26. Rf4 Nf5 27. Ra3 Qc7 28.
Kd2 Be8 29. a5 Bg6 30. Rc3 Qd7 31. Rxc8+ Rxc8 32. Na3 Nxh4 33. Qb3 Nxg2 34. Rf6
Bf5 35. Ng5 Qc6 36. Qb2 h4 37. Rh6 Qa6 38. Qb3 Qf1 39. Qd1 Qd3# 0-1

[Event "4NCL/Div4/GUI4 vs. SSC"]
[Site "Sunningdale ENG"]
[Date "2008.03.15"]
[Round "7.1"]
[White "Dekker, Alain"]
[Black "Fryer, David W"]
[Result "1/2-1/2"]
[WhiteElo "2114"]
[BlackElo "2065"]
[PlyCount "43"]
[EventDate "2008.03.15"]
[EventType "team"]
[EventRounds "11"]
[EventCountry "ENG"]
[SourceDate "2007.09.15"]

1. e4 e5 2. Nf3 Nc6 3. Bc4 Nf6 4. Ng5 d5 5. exd5 Na5 6. Bb5+ c6 7. dxc6 bxc6 8.
Qf3 Qc7 9. Ba4 Bd6 10. Nc3 O-O 11. Nce4 Nxe4 12. Nxe4 f5 13. Nxd6 Qxd6 14. Qc3
Nb7 15. Qxc6 Qe7 16. d3 f4 17. Bd2 a5 18. Bb3+ Kh8 19. Bd5 Rb8 20. Qa4 Bf5 21.
Bxb7 Qxb7 22. Bc3 1/2-1/2

[Event "4NCL/Div4/GUI4 vs. SSC"]
[Site "Sunningdale ENG"]
[Date "2008.03.15"]
[Round "7.2"]
[White "Salimbeni, George"]
[Black "Punnett, Alan K"]
[Result "1/2-1/2"]
[WhiteElo "2038"]
[BlackElo "2108"]
[PlyCount "77"]
[EventDate "2008.03.15"]
[EventType "team"]
[EventRounds "11"]
[EventCountry "ENG"]
[SourceDate "2007.09.15"]

1. e4 e6 2. d4 d5 3. Nd2 Be7 4. Ngf3 Nf6 5. Bd3 c5 6. dxc5 dxe4 7. Nxe4 Nxe4 8.
Bxe4 Qxd1+ 9. Kxd1 Bxc5 10. Ke2 Nd7 11. c3 Nf6 12. Bd3 O-O 13. Ng5 Bd7 14. Ne4
Bb6 15. Be3 Bxe3 16. Nxf6+ gxf6 17. Kxe3 f5 18. Rhd1 Bc6 19. a4 Kg7 20. Bb5
Rfd8 21. Bxc6 bxc6 22. b4 Rd5 23. Rxd5 cxd5 24. c4 dxc4 25. Rc1 Rc8 26. f4 Kf6
27. Kd4 Rd8+ 28. Kc3 Ke7 29. b5 f6 30. Kb4 e5 31. Rxc4 Rd7 32. a5 e4 33. g4 e3
34. gxf5 Kd8 35. Re4 Rd3 36. Kc4 Ra3 37. Kb4 Rd3 38. Kc4 Ra3 39. Kb4 1/2-1/2

[Event "4NCL/Div4/GUI4 vs. SSC"]
[Site "Sunningdale ENG"]
[Date "2008.03.15"]
[Round "7.3"]
[White "Taylor, Mark"]
[Black "Fraser, Joe P"]
[Result "1-0"]
[WhiteElo "2144"]
[BlackElo "1987"]
[PlyCount "59"]
[EventDate "2008.03.15"]
[EventType "team"]
[EventRounds "11"]
[EventCountry "ENG"]
[SourceDate "2007.09.15"]

1. d4 Nf6 2. Nc3 d5 3. Bg5 Ne4 4. Nxe4 dxe4 5. Qd2 f6 6. Bh4 g6 7. e3 Be6 8. f3
exf3 9. Nxf3 Bg7 10. e4 O-O 11. Bd3 Qd7 12. O-O c6 13. c3 a5 14. a3 Na6 15.
Rae1 Nc7 16. Bg3 Rad8 17. h3 b5 18. Qe2 Bf7 19. a4 bxa4 20. Bc4 Nb5 21. Bxf7+
Rxf7 22. Qc4 e6 23. Qxa4 Ra8 24. Rd1 Bh6 25. Rfe1 Bf8 26. Kh1 Qb7 27. Qc4 Re8
28. Ra1 Qb6 29. Qa4 Ra8 30. Qb3 1-0

[Event "4NCL/Div4/GUI4 vs. SSC"]
[Site "Sunningdale ENG"]
[Date "2008.03.15"]
[Round "7.4"]
[White "Woods, Tim"]
[Black "Shepley, Julien M"]
[Result "0-1"]
[WhiteElo "1940"]
[BlackElo "2123"]
[PlyCount "44"]
[EventDate "2008.03.15"]
[EventType "team"]
[EventRounds "11"]
[EventCountry "ENG"]
[SourceDate "2007.09.15"]

1. e4 d5 2. exd5 Qxd5 3. Nc3 Qd6 4. d4 Nf6 5. Nf3 a6 6. h3 Nc6 7. Bc4 Bf5 8.
O-O Bg6 9. Re1 O-O-O 10. Ne2 e5 11. Be3 Qb4 12. Bb3 exd4 13. Nexd4 Nxd4 14.
Nxd4 c5 15. c3 Qb6 16. Rc1 cxd4 17. cxd4+ Kb8 18. d5 Qa5 19. Qd4 b6 20. Bd2 Bc5
21. Rxc5 Qxc5 22. Bf4+ Kb7 0-1

[Event "4NCL/Div4/GUI4 vs. SSC"]
[Site "Sunningdale ENG"]
[Date "2008.03.15"]
[Round "7.5"]
[White "Roset, Christophe"]
[Black "Yates, Christopher"]
[Result "1/2-1/2"]
[WhiteElo "2071"]
[BlackElo "1680"]
[PlyCount "125"]
[EventDate "2008.03.15"]
[EventType "team"]
[EventRounds "11"]
[EventCountry "ENG"]
[SourceDate "2007.09.15"]

1. e4 c5 2. g3 d6 3. Bg2 Nc6 4. Nf3 Nf6 5. d3 e6 6. O-O Be7 7. Re1 Qc7 8. c3
O-O 9. Nbd2 Rb8 10. e5 Nxe5 11. Nxe5 dxe5 12. Nc4 Nd7 13. Nxe5 Nxe5 14. Rxe5
Bd7 15. Re2 Rbd8 16. Qc2 Bb5 17. Bf4 Bd6 18. Bxd6 Rxd6 19. Rd2 Rfd8 20. Rad1
Qd7 21. d4 Bc6 22. Bxc6 bxc6 23. Qe4 Rd5 24. f4 f6 25. Re2 e5 26. fxe5 fxe5 27.
Rf1 cxd4 28. c4 Rc5 29. b4 Rxc4 30. Qxe5 d3 31. Ref2 h6 32. Qb2 Qd4 33. Qxd4
Rcxd4 34. a3 d2 35. Rd1 Rd3 36. Kg2 R8d4 37. Rf3 Rxf3 38. Kxf3 Rd3+ 39. Ke2
Rxa3 40. Rxd2 Rb3 41. Rc2 Rxb4 42. Rxc6 Rb2+ 43. Ke3 a5 44. h4 a4 45. Ra6 Ra2
46. Ra7 a3 47. Kf3 Ra1 48. Kg2 a2 49. Kh2 Kf8 50. Kg2 Ke8 51. Kh2 Kd8 52. Kg2
Kc8 53. Kh2 Kb8 54. Ra3 Kb7 55. Kg2 Kb6 56. Ra8 Kb5 57. Rb8+ Kc4 58. Ra8 Kd4
59. Rd8+ Ke4 60. Ra8 Kf5 61. Ra5+ Kg6 62. Ra8 Kh5 63. Ra5+ 1/2-1/2

[Event "4NCL/Div4/GUI4 vs. SSC"]
[Site "Sunningdale ENG"]
[Date "2008.03.15"]
[Round "7.6"]
[White "Fryer, Kieran"]
[Black "Stimpson, Philip M"]
[Result "0-1"]
[WhiteElo "1560"]
[BlackElo "2076"]
[PlyCount "38"]
[EventDate "2008.03.15"]
[EventType "team"]
[EventRounds "11"]
[EventCountry "ENG"]
[SourceDate "2007.09.15"]

1. e4 d5 2. exd5 Nf6 3. Nc3 Nxd5 4. Nxd5 Qxd5 5. d4 Nc6 6. Nf3 Bg4 7. Be2 O-O-O
8. Be3 e5 9. dxe5 Bxf3 10. Qxd5 Bxd5 11. O-O Nxe5 12. b3 f6 13. c4 Be4 14. f3
Bd3 15. Bxd3 Rxd3 16. Rfe1 Rxe3 17. Rxe3 Bc5 18. Rae1 Rd8 19. Kh1 Bxe3 0-1

[Event "4NCL/Div4/FCA2 vs. OXF3"]
[Site "Sunningdale ENG"]
[Date "2008.03.15"]
[Round "7.1"]
[White "Freeman, Richard C P"]
[Black "Jeffries, Majid"]
[Result "1/2-1/2"]
[WhiteElo "2085"]
[BlackElo "2012"]
[PlyCount "49"]
[EventDate "2008.03.15"]
[EventType "team"]
[EventRounds "11"]
[EventCountry "ENG"]
[SourceDate "2007.09.15"]

1. e4 c5 2. Nc3 Nc6 3. f4 g6 4. Nf3 Bg7 5. Bb5 Nd4 6. O-O Nxb5 7. Nxb5 a6 8.
Nc3 d6 9. d3 Nf6 10. Qe1 Bg4 11. h3 Bxf3 12. Rxf3 O-O 13. Qh4 b5 14. f5 b4 15.
Ne2 Nd7 16. c3 Rb8 17. Bg5 f6 18. Bd2 g5 19. Qe1 Ne5 20. Rg3 Kh8 21. Kh1 a5 22.
d4 Nc4 23. b3 Nxd2 24. Qxd2 Qc7 25. c4 1/2-1/2

[Event "4NCL/Div4/FCA2 vs. OXF3"]
[Site "Sunningdale ENG"]
[Date "2008.03.15"]
[Round "7.2"]
[White "Levicki, Jeffrey"]
[Black "Kendall, Paul S N"]
[Result "1/2-1/2"]
[WhiteElo "1912"]
[BlackElo "2069"]
[PlyCount "40"]
[EventDate "2008.03.15"]
[EventType "team"]
[EventRounds "11"]
[EventCountry "ENG"]
[SourceDate "2007.09.15"]

1. e4 e5 2. Nf3 Nc6 3. Bb5 a6 4. Bxc6 dxc6 5. O-O f6 6. d4 Bg4 7. dxe5 Qxd1 8.
Rxd1 fxe5 9. Re1 Bd6 10. Bg5 h6 11. Bh4 Bxf3 12. gxf3 g5 13. Bg3 O-O-O 14. Nd2
Ne7 15. Nc4 Ng6 16. Ne3 Rdf8 17. Nf5 h5 18. h3 Rh7 19. Rad1 Bc5 20. Rd2 Rhf7
1/2-1/2

[Event "4NCL/Div4/FCA2 vs. OXF3"]
[Site "Sunningdale ENG"]
[Date "2008.03.15"]
[Round "7.3"]
[White "Majer, Chris E"]
[Black "Terry, Sean"]
[Result "1-0"]
[WhiteElo "2075"]
[BlackElo "1841"]
[PlyCount "57"]
[EventDate "2008.03.15"]
[EventType "team"]
[EventRounds "11"]
[EventCountry "ENG"]
[SourceDate "2007.09.15"]

1. e4 c6 2. Nf3 g6 3. d4 Bg7 4. c3 d6 5. Bd3 Nd7 6. O-O e5 7. dxe5 Nxe5 8. Nxe5
dxe5 9. Qf3 Qh4 10. Be3 Bg4 11. Qg3 Qxg3 12. hxg3 Be6 13. Nd2 Nf6 14. f3 Rd8
15. Bc2 O-O 16. Nb3 b6 17. a4 Rd7 18. a5 c5 19. axb6 axb6 20. Ra6 Rb8 21. Rfa1
Bc4 22. Rxb6 Rxb6 23. Ra8+ Bf8 24. Bh6 Rd8 25. Rxd8 Nd7 26. Nxc5 Rb8 27. Rxb8
Nxb8 28. Bxf8 Kxf8 29. b3 1-0

[Event "4NCL/Div4/FCA2 vs. OXF3"]
[Site "Sunningdale ENG"]
[Date "2008.03.15"]
[Round "7.4"]
[White "Henbest, Kevin B"]
[Black "Valentine, Brian J"]
[Result "0-1"]
[WhiteElo "1785"]
[BlackElo "1986"]
[PlyCount "74"]
[EventDate "2008.03.15"]
[EventType "team"]
[EventRounds "11"]
[EventCountry "ENG"]
[SourceDate "2007.09.15"]

1. e4 Nc6 2. Nf3 e5 3. Bb5 a6 4. Ba4 Nf6 5. O-O Be7 6. Re1 O-O 7. h3 d6 8. c3
b5 9. Bb3 Bb7 10. d4 Re8 11. Nbd2 Bf8 12. Nf1 Na5 13. Bc2 exd4 14. Bg5 dxc3 15.
bxc3 g6 16. Ng3 Bg7 17. Qd3 h6 18. Bxf6 Qxf6 19. e5 dxe5 20. Ne4 Qc6 21. a4 f5
22. axb5 axb5 23. Nh4 fxe4 24. Qg3 Qf6 25. Bxe4 Bxe4 26. Rxe4 Nc4 27. Rd1 Nd6
28. Rg4 g5 29. Nf3 Nf5 30. Qh2 e4 31. Nd2 Qxc3 32. Nxe4 Qc2 33. Re1 Be5 34. f4
Bd4+ 35. Kh1 Rxe4 36. Rf1 Ne3 37. Rg3 Nxf1 0-1

[Event "4NCL/Div4/FCA2 vs. OXF3"]
[Site "Sunningdale ENG"]
[Date "2008.03.15"]
[Round "7.5"]
[White "Adebajo, Femi"]
[Black "Foster, James M"]
[Result "0-1"]
[WhiteElo "2029"]
[BlackElo "1770"]
[PlyCount "112"]
[EventDate "2008.03.15"]
[EventType "team"]
[EventRounds "11"]
[EventCountry "ENG"]
[SourceDate "2007.09.15"]

1. Nf3 d5 2. g3 c5 3. Bg2 Nc6 4. b3 Nf6 5. Bb2 e6 6. O-O Be7 7. d3 O-O 8. Nbd2
b6 9. c4 Bb7 10. Re1 Re8 11. Qc2 Qd7 12. Rad1 d4 13. Nf1 e5 14. h3 e4 15. dxe4
Nb4 16. Qb1 Bxe4 17. Ne5 Qf5 18. Bxe4 Nxe4 19. Nf3 Bf6 20. Kg2 Rad8 21. a3 Nc6
22. N1h2 Na5 23. Ba1 Qc8 24. Ng4 Qc6 25. Nxf6+ Nxf6 26. Qd3 Qe4 27. b4 Qxd3 28.
exd3 Nc6 29. b5 Ne7 30. Bb2 Ng6 31. Bc1 h6 32. Bd2 Nd7 33. Rxe8+ Rxe8 34. Re1
Rxe1 35. Nxe1 Kf8 36. f4 Ke7 37. Kf3 f5 38. a4 Kf6 39. a5 Ne7 40. Nc2 Nc8 41.
a6 Nd6 42. Bc1 Kg6 43. Bb2 Kh5 44. Ba3 Nf7 45. Ne1 g5 46. Bc1 Nd6 47. Kf2 g4
48. Kg2 Nf6 49. h4 Kg6 50. Ba3 Kf7 51. Bxc5 bxc5 52. b6 Nd7 53. bxa7 Nb6 54.
Nc2 Ndc8 55. Nxd4 cxd4 56. c5 Na8 0-1

[Event "4NCL/Div4/NOTT2 vs. KJCAK"]
[Site "Sunningdale ENG"]
[Date "2008.03.15"]
[Round "7.1"]
[White "Place, William"]
[Black "Jones, William"]
[Result "0-1"]
[WhiteElo "1985"]
[BlackElo "1984"]
[PlyCount "52"]
[EventDate "2008.03.15"]
[EventType "team"]
[EventRounds "11"]
[EventCountry "ENG"]
[SourceDate "2007.09.15"]

1. e4 c5 2. d4 cxd4 3. c3 dxc3 4. Nxc3 Nc6 5. Nf3 e6 6. Bc4 Qc7 7. O-O Nf6 8.
h3 a6 9. Qe2 d6 10. Rd1 Be7 11. Bf4 Ne5 12. Nxe5 dxe5 13. Be3 b5 14. Bxb5+ axb5
15. Nxb5 Qb8 16. Qc4 O-O 17. Nc7 Ra5 18. Rac1 Qxb2 19. Rb1 Qxa2 20. Qf1 Qc2 21.
Bb6 Ra2 22. Rdc1 Qxe4 23. Nb5 Qe2 24. Qxe2 Rxe2 25. Nc3 Rd2 26. Be3 Rdd8 0-1

[Event "4NCL/Div4/NOTT2 vs. KJCAK"]
[Site "Sunningdale ENG"]
[Date "2008.03.15"]
[Round "7.2"]
[White "Bayliss, Lyall C P"]
[Black "Thompson, Brian"]
[Result "1/2-1/2"]
[WhiteElo "1975"]
[BlackElo "1936"]
[PlyCount "60"]
[EventDate "2008.03.15"]
[EventType "team"]
[EventRounds "11"]
[EventCountry "ENG"]
[SourceDate "2007.09.15"]

1. e4 c5 2. c3 Nf6 3. e5 Nd5 4. d4 cxd4 5. Nf3 e6 6. cxd4 d6 7. a3 Nc6 8. Bd3
dxe5 9. dxe5 Qc7 10. O-O Bd7 11. Re1 Rc8 12. Nbd2 Be7 13. Ne4 O-O 14. b4 a6 15.
Bb2 Rfd8 16. Rc1 Be8 17. Qb3 Qb6 18. Nc5 Bxc5 19. Rxc5 Nce7 20. Rxc8 Rxc8 21.
Nd2 Bb5 22. Bb1 Qc6 23. Qh3 Ng6 24. Nf3 Ndf4 25. Qg4 Bd3 26. Nd4 Qd5 27. Qf3
Qxf3 28. Nxf3 Bxb1 29. Rxb1 Nd3 30. Bd4 h6 1/2-1/2

[Event "4NCL/Div4/NOTT2 vs. KJCAK"]
[Site "Sunningdale ENG"]
[Date "2008.03.15"]
[Round "7.3"]
[White "Taylor, Robert P"]
[Black "Jones, Victor"]
[Result "0-1"]
[WhiteElo "1999"]
[BlackElo "1868"]
[PlyCount "76"]
[EventDate "2008.03.15"]
[EventType "team"]
[EventRounds "11"]
[EventCountry "ENG"]
[SourceDate "2007.09.15"]

1. d4 Nf6 2. Bg5 Ne4 3. Bf4 c5 4. f3 Qa5+ 5. c3 Nf6 6. d5 e6 7. e4 exd5 8. exd5
d6 9. Nd2 Be7 10. Bd3 O-O 11. c4 Nh5 12. Bg3 Re8 13. Ne2 Bg5 14. Bxd6 Na6 15.
a3 Qb6 16. Ne4 Rxe4 17. Bxe4 Qxd6 18. O-O Nf6 19. Bd3 Be3+ 20. Kh1 Bd7 21. Qc2
Re8 22. Rae1 Nc7 23. Nc3 Re5 24. Ne4 Nxe4 25. Bxe4 Qh6 26. Qe2 Bf4 27. g4 Ne8
28. Qg2 Qh4 29. Re2 h5 30. Bf5 Bxf5 31. Rxe5 Bxe5 32. gxf5 Nd6 33. f6 Qxf6 34.
b4 Nf5 35. Re1 Nh4 36. Qh3 cxb4 37. axb4 Qf4 38. Rxe5 Qc1+ 0-1

[Event "4NCL/Div4/NOTT2 vs. KJCAK"]
[Site "Sunningdale ENG"]
[Date "2008.03.15"]
[Round "7.4"]
[White "Lunn, Matt"]
[Black "Hill, Maurice J"]
[Result "1-0"]
[WhiteElo "1822"]
[BlackElo "1950"]
[PlyCount "89"]
[EventDate "2008.03.15"]
[EventType "team"]
[EventRounds "11"]
[EventCountry "ENG"]
[SourceDate "2007.09.15"]

1. d4 Nf6 2. c4 c5 3. d5 e5 4. Nc3 d6 5. e4 Nbd7 6. Bd3 Be7 7. Nge2 a6 8. Ng3
h5 9. h3 g6 10. Be3 Nh7 11. Qd2 h4 12. Nge2 Bg5 13. O-O-O Bxe3 14. Qxe3 Nhf6
15. Rdf1 Nh5 16. g4 Nf4 17. Nxf4 exf4 18. Qxf4 Ne5 19. Qe3 Qe7 20. f4 Nd7 21.
Re1 g5 22. fxg5 Ne5 23. Be2 Rg8 24. Rhf1 Rxg5 25. Rf2 Bd7 26. Ref1 O-O-O 27.
Rf6 Rdg8 28. Qf2 Bxg4 29. Bxg4+ Nxg4 30. hxg4 Rxg4 31. Qf5+ Kb8 32. Rxf7 Qg5+
33. Qxg5 R8xg5 34. Rh7 Rg7 35. Rh8+ Kc7 36. Rh1 Kb6 37. R8xh4 Rg2 38. R4h2 R2g6
39. Rh6 Ka5 40. Rxg6 Rxg6 41. a3 b5 42. cxb5 axb5 43. Rh8 Rg1+ 44. Kc2 Rg2+ 45.
Kb3 1-0

[Event "4NCL/Div4/NOTT2 vs. KJCAK"]
[Site "Sunningdale ENG"]
[Date "2008.03.15"]
[Round "7.5"]
[White "Cranmer, Stan"]
[Black "Maguire, Robert"]
[Result "0-1"]
[WhiteElo "1910"]
[BlackElo "1703"]
[PlyCount "90"]
[EventDate "2008.03.15"]
[EventType "team"]
[EventRounds "11"]
[EventCountry "ENG"]
[SourceDate "2007.09.15"]

1. c4 e5 2. g3 Nf6 3. Bg2 c6 4. d4 Bb4+ 5. Bd2 Bxd2+ 6. Qxd2 e4 7. e3 d6 8. Nc3
Bf5 9. Nge2 Nbd7 10. O-O Nb6 11. b3 Qd7 12. a4 a5 13. Rfd1 h5 14. Qe1 Nc8 15.
d5 c5 16. f3 exf3 17. Bxf3 Bc2 18. Rd2 Bxb3 19. e4 Bxc4 20. e5 dxe5 21. Nf4 Qe7
22. d6 Nxd6 23. Nfd5 Nxd5 24. Nxd5 Bxd5 25. Rxd5 f6 26. Rad1 Nf5 27. Rd7 Qxd7
28. Rxd7 Kxd7 29. Bxb7 Rab8 30. Qe4 Nd6 31. Qc6+ Ke7 32. Qc7+ Ke6 33. Bg2 Rb1+
34. Kf2 Rhb8 35. Bh3+ Kd5 36. Qd7 R8b2+ 37. Ke3 Re1+ 38. Kd3 c4+ 39. Kc3 Rb6
40. Qe6+ Kc5 41. Qe7 Re3+ 42. Kc2 Rb7 43. Qf8 c3 44. Bf5 Rb2+ 45. Kd1 Rd2+ 0-1

[Event "4NCL/Div4/NOTT2 vs. KJCAK"]
[Site "Sunningdale ENG"]
[Date "2008.03.15"]
[Round "7.6"]
[White "Gahir, Jasdeep"]
[Black "Graham, Neil"]
[Result "0-1"]
[WhiteElo "1715"]
[BlackElo "1895"]
[PlyCount "74"]
[EventDate "2008.03.15"]
[EventType "team"]
[EventRounds "11"]
[EventCountry "ENG"]
[SourceDate "2007.09.15"]

1. e4 e5 2. Nf3 Nf6 3. Nc3 Bb4 4. Nxe5 O-O 5. Bc4 Qe7 6. Nf3 Bxc3 7. dxc3 Qxe4+
8. Qe2 Qxe2+ 9. Bxe2 Re8 10. Nd4 a6 11. Bf4 c5 12. Nb3 b6 13. Rd1 Bb7 14. Rg1
Nc6 15. Nd2 {=} Re6 16. Nc4 Rae8 17. Be3 d5 18. Nxb6 d4 19. Bc4 Re5 20. cxd4
cxd4 21. Rd3 dxe3 22. Rxe3 Rxe3+ 23. fxe3 Rxe3+ 24. Kd2 Re7 25. g3 Ne5 26. Be2
Re6 27. Na4 Nf3+ 28. Bxf3 Bxf3 29. Nc3 Nd5 30. Nxd5 Bxd5 31. a3 g5 32. Rf1 f6
33. b3 Kf7 34. c4 Bb7 35. Rc1 Bf3 36. Re1 Rxe1 37. Kxe1 Ke6 0-1

[Event "4NCL/Div4/SCS vs. ANGA2"]
[Site "Sunningdale ENG"]
[Date "2008.03.15"]
[Round "7.1"]
[White "Haydon, David"]
[Black "Reynolds, D Ian"]
[Result "0-1"]
[WhiteElo "2108"]
[BlackElo "2073"]
[PlyCount "152"]
[EventDate "2008.03.15"]
[EventType "team"]
[EventRounds "11"]
[EventCountry "ENG"]
[SourceDate "2007.09.15"]

1. d4 Nf6 2. Bg5 Ne4 3. Bf4 c5 4. f3 Qa5+ 5. c3 Nf6 6. Nd2 cxd4 7. Nb3 Qb6 8.
Bxb8 Rxb8 9. Qxd4 Qxd4 10. cxd4 d5 11. e3 e6 12. Bd3 Bd7 13. Kf2 Be7 14. Ne2
O-O 15. g4 Bc6 16. g5 Nd7 17. f4 f6 18. h4 e5 19. Rag1 e4 20. Bc2 Nb6 21. Na5
Bb4 22. Nxc6 bxc6 23. Bb3 a5 24. a3 a4 25. Ba2 Be7 26. Rc1 Rfc8 27. Ng3 Kf8 28.
Rc2 c5 29. dxc5 Rxc5 30. Rxc5 Bxc5 31. Rc1 Rc8 32. Ke2 Rc7 33. gxf6 gxf6 34.
Nf5 Kf7 35. Nd4 Rc8 36. Nb5 Ke6 37. Nc3 f5 38. Nb5 Kf6 39. b3 axb3 40. Bxb3 Ke6
41. a4 Nc4 42. Bxc4 dxc4 43. Rxc4 Kd5 44. Rc1 Rg8 45. Nc3+ Kc6 46. Nd1 Ra8 47.
Nc3 Rg8 48. Kf2 Rg4 49. Ne2 Rxh4 50. Nd4+ Kd5 51. Kg3 Rg4+ 52. Kh3 Bxd4 53. Rd1
Kc5 54. Rxd4 Rxf4 55. Rd7 {=} Rf3+ 56. Kh4 Rxe3 57. Kg5 Rf3 58. a5 Kb5 59. Rd5+
Ka6 60. Re5 e3 61. Kh6 f4 62. Kxh7 Rf2 63. Kg6 e2 64. Kf5 f3 65. Kf4 Rf1 66.
Kg3 e1=Q+ 67. Rxe1 Rxe1 68. Kf2 Re8 69. Kxf3 Kxa5 70. Kf4 Kb5 71. Kf5 Kc5 72.
Kf6 Kd5 73. Kf7 Re6 74. Kg7 Ke5 75. Kf7 Kf5 76. Kf8 Kg6 0-1

[Event "4NCL/Div4/SCS vs. ANGA2"]
[Site "Sunningdale ENG"]
[Date "2008.03.15"]
[Round "7.2"]
[White "Savage, Nicholas W"]
[Black "Baptie, Justin P"]
[Result "0-1"]
[WhiteElo "2105"]
[BlackElo "2102"]
[PlyCount "48"]
[EventDate "2008.03.15"]
[EventType "team"]
[EventRounds "11"]
[EventCountry "ENG"]
[SourceDate "2007.09.15"]

1. d4 Nf6 2. c4 c5 3. d5 e6 4. Nc3 exd5 5. cxd5 d6 6. e4 g6 7. f4 Bg7 8. Nf3
O-O 9. Be2 Nbd7 10. e5 dxe5 11. fxe5 Ng4 12. e6 Nde5 13. Ng5 fxe6 14. Bxg4 Nxg4
15. Qxg4 exd5 16. Qh4 h6 17. Nf3 g5 18. Bxg5 hxg5 19. Qxg5 Qxg5 20. Nxg5 Bg4
21. Rf1 Bxc3+ 22. bxc3 Rae8+ 23. Kd2 Re2+ 24. Kd3 Rfe8 0-1